| 000 | 00785nam a2200229 i 4500 | ||
|---|---|---|---|
| 001 | 146907 | ||
| 003 | ES-MaACL | ||
| 005 | 20230906201727.0 | ||
| 007 | t| | ||
| 008 | 070919s1962 sp ||||1| spa d | ||
| 080 | _a914.638 Almazán | ||
| 080 | _a946"1474/1517" | ||
| 100 | 1 |
_aTudela de la Orden, José. _9111634 |
|
| 245 | 1 | 0 |
_aAlmazán, corte de los Reyes Católicos / _cJosé Tudela. |
| 260 |
_aSoria : _bCentro de Estudios Sorianos, _c1962. |
||
| 300 |
_a15 h., lám. I-IV ; _c23 cm. |
||
| 500 | _aEs tirada aparte de la Celtiberia, núm. 23, pág. 169-195. | ||
| 651 | 4 |
_aAlmazán- _xDescripción. _9168129 |
|
| 651 |
_aEspaña- _xHistoria- _y1474-1516, Reyes Católicos. _98222 |
||
| 710 | 2 |
_aCentro de Estudios Sorianos. _92676 |
|
| 852 |
_aES-MaACL _j2036-F-16 _bR.51388 |
||
| 999 |
_c146907 _d146907 |
||